000 01093nam a22002537a 4500
005 20080617164846.0
008 080617t xxu||||| |||| 00| 0 eng d
010 _aENG-90353
020 _c140.00
_a8183985246
035 _aEN-73886
037 _bDBAD / PUB
040 _aDPL
_bEN
082 _a615.1
100 _aDiwan, Anupama
245 _aPragati's general pharmacy :
_cby Anupama Diwan [and] Kanchan Kohli
_b(as per B. Pharma syllabus of U.P. Technical University, Lucknow)
260 _aMeerut
_bPragati Prakashan
_c2008
270 _aPragati Bhawan, 240, W.K, Road,
_bMeerut
_e250001
300 _a176p.
_c25 cm (pbk)
490 _a
700 _aKohli, Kanchan
942 _cEN
_h615.1
_2ddc
_mDIW
999 _c13759
_d13759